000 00419cam a22001217a 4500
008 180718b1967 xxu||||| |||| 00| 0 eng d
082 _aA81x54 In2/61/2/Pt 7B/15
100 _aCensus of India 1961
245 _aAndhra Pradesh: fairs and festivals (Nizamabad district)
260 _aDelhi
_bThe Manager of Publications
_c1967
300 _av.p.
440 _aCensus of India 1961. Volume II, Andhra Pradesh. Part VII-B (XV)
999 _c484029
_d484029